| 000 | 00854nam a22002535a 4500 | ||
|---|---|---|---|
| 005 | 20180220121050.0 | ||
| 008 | 170418t2008 maua frbd 001 0 eng d | ||
| 020 | _a0536341788 | ||
| 020 | _a9780536341785 | ||
| 040 |
_aEG-ScBUE _beng _cEG-ScBUE |
||
| 082 | 0 | 4 |
_a332.076 _bETH _222 |
| 110 | 1 | _aCFA Institute. | |
| 245 | 1 | 0 |
_aEthical and professional standards and quantitative methods / _cCFA Institute. |
| 260 |
_aBoston : _bPearson Custom Publ. : _bCFA Institute, _cc.2008 |
||
| 300 |
_a1 v. : _bill. (col.) ; _c28 cm. |
||
| 490 | 0 |
_aCFA program curriculum ; _vv. 1 |
|
| 500 | _aIncludes glossary. | ||
| 504 | _aIncludes bibliographical references and index. | ||
| 541 | _aD. Mohammed Shoman ; | ||
| 650 | 7 |
_aFinance. _vExaminations, questions, etc. _2BUEsh |
|
| 651 | _2BUEsh | ||
| 653 |
_bBUSECO _cFebruary2018 |
||
| 942 | _2ddc | ||
| 999 |
_c26154 _d26126 |
||